Statistics for You Figure It Out #2

Click here to take the quiz!

General Stats

  • This quiz has been taken 47 times
  • The average score is 16 of 17

Answer Stats

HintAnswer% Correct
IrelandUnited Kingdom
100%
CanadaUnited States
100%
MonacoFrance
98%
United KingdomIreland
98%
South KoreaNorth Korea
98%
PortugalSpain
98%
HaitiDominican Republic
96%
DenmarkGermany
96%
Vatican CityItaly
96%
San MarinoItaly
96%
QatarSaudi Arabia
96%
LesothoSouth Africa
96%
Dominican RepublicHaiti
93%
Papua New GuineaIndonesia
91%
East TimorIndonesia
82%
BruneiMalaysia
82%
GambiaSenegal
82%

Score Distribution

Percentile by Number Answered

Percent of People with Each Score

Your Score History

You have not taken this quiz